MARC

LEADER 00000nam0a2200000 4500
001 333649
005 20231102004558.0
035 |a (RuTPU)RU\TPU\book\359662 
090 |a 333649 
100 |a 20170621d1978 km y0rusy50 ca 
101 0 |a rus 
102 |a RU 
105 |a a z 001zy 
200 1 |a Логические устройства на магнитных средах с управляемым движением доменов  |f М. А. Боярченков, Н. П. Васильева, Ю. Д. Розенталь 
210 |a Москва  |c Энергия  |d 1978 
215 |a 160 с.  |c ил. 
320 |a Библиогр.: с. 152-158 
606 1 |a Цифровые вычислительные машины  |x Логические элементы, магнитные  |2 stltpush  |3 (RuTPU)RU\TPU\subj\18409  |9 43845 
610 1 |a доменная структура 
610 1 |a ферромагнетики 
610 1 |a появление 
610 1 |a рост 
610 1 |a перемещение 
610 1 |a взаимодействие 
610 1 |a логические функции 
610 1 |a сигналы 
610 1 |a однородные структуры 
610 1 |a переключательные устройства 
610 1 |a магнитоодноосные пленки 
610 1 |a арифметические устройства 
610 1 |a счетные устройства 
675 |a 681.325.65  |v 4 
700 1 |a Боярченков  |b М. А.  |g Михаил Александрович 
701 1 |a Васильева  |b Н. П.  |g Наталья Петровна 
701 1 |a Розенталь  |b Ю. Д.  |g Юлий Дитмарович 
801 1 |a RU  |b 63413507  |c 20170621 
801 2 |a RU  |b 63413507  |c 20171002  |g RCR 
942 |c BK